Statistics for Religion in Slovenia

Click here to take the quiz!

General Stats

  • This quiz has been taken 39 times
  • The average score is 5 of 8

Answer Stats

PercentageReligion% Correct
69%Catholic
92%
3%Islam
89%
3.7%Orthodox
89%
0.3%Protestant
75%
18%No religion
42%
1%Other Christians
28%
2%Unknown
28%
3%Other Religions
17%

Score Distribution

Percentile by Number Answered

Percent of People with Each Score

Your Score History

You have not taken this quiz